000 00316 a2200145 4500
001 156258
040 _cEscola São Tomás de Aquino
100 _aFRANÇA, Mary
240 1 0 _aA galinha choca
_lpor
245 1 0 _aA galinha choca
300 _a15
362 0 _a2015
697 _a*LITERATURA INFANTIL
942 _cBK
999 _c156258
_d156258